CMOS VLSI Design - A Circuits & Systems Perspective (Record no. 10128)

MARC details
000 -LEADER
fixed length control field 00468nam a2200181Ia 4500
008 - FIXED-LENGTH DATA ELEMENTS--GENERAL INFORMATION
fixed length control field 221030s9999 xx 000 0 und d
020 ## - INTERNATIONAL STANDARD BOOK NUMBER
ISBN 8177585681
041 ## - LANGUAGE CODE
Language code of text/sound track or separate title
082 ## - DEWEY DECIMAL CLASSIFICATION NUMBER
Classification number 105.23
100 ## - MAIN ENTRY--AUTHOR NAME
Personal name N. H. E. Weste
245 #0 - TITLE STATEMENT
Title CMOS VLSI Design - A Circuits & Systems Perspective
Statement of responsibility, etc by N. H. E. Weste, D. Harris
250 ## - EDITION STATEMENT
Edition statement 3rd
260 ## - PUBLICATION, DISTRIBUTION, ETC. (IMPRINT)
Name of publisher Pearson Education
Place of publication New Delhi
Year of publication 2011
300 ## - PHYSICAL DESCRIPTION
Number of Pages 659
650 ## - SUBJECT ADDED ENTRY--TOPICAL TERM
Topical Term ECE
700 ## - ADDED ENTRY--PERSONAL NAME
Personal name D. Harris
942 ## - ADDED ENTRY ELEMENTS (KOHA)
Koha item type Books
Holdings
Accession Number Cost, normal purchase price Bill Date Full call number Source of acquisition Price effective from Koha item type Withdrawn / writtenoff status Materials specified (bound volume or other part) Damaged status Not for loan Permanent Location Current Location Shelving location Date acquired Lost/ Missing status department
BE 12467 585.00 766 105.23 Zigma, Jammu 10/30/2022 Books   Print   Not For Loan MIET Library, Jammu MIET Library, Jammu BL-Academic Block B, FL-2, CUP-154, SH-1, R-1 02/18/2012   BE
BE 12468 585.00 766 105.23 Zigma, Jammu 10/30/2022 Books   Print     MIET Library, Jammu MIET Library, Jammu BL-Academic Block C, FL-2, CUP-163, SH-2, R-2 02/18/2012   BE
BE 12469 585.00 766 105.23 Zigma, Jammu 10/30/2022 Books   Print     MIET Library, Jammu MIET Library, Jammu BL-Academic Block C, FL-2, CUP-163, SH-2, R-2 02/18/2012   BE
BE 12471 585.00 766 105.23 Zigma, Jammu 10/30/2022 Books   Print     MIET Library, Jammu MIET Library, Jammu BL-Academic Block C, FL-2, CUP-163, SH-2, R-2 02/18/2012   BE